Thao thức, tập 2
Shranjeno v:
| Format: | Knjiga |
|---|---|
| Izdano: |
1999
|
| Oznake: |
Označite
Brez oznak, prvi označite!
|
| Thư viện lưu trữ: | Mạng thư viện Đại học Đà Nẵng |
|---|
| LEADER | 00420nam a22001811a 4500 | ||
|---|---|---|---|
| 001 | 000040738 | ||
| 003 | 17033 | ||
| 005 | 20160412023350.0 | ||
| 008 | 160412s1999 000 | ||
| 082 | |a N2343-44 | ||
| 245 | |a Thao thức, tập 2 |c A.Kron | ||
| 260 | |c 1999 | ||
| OWN | |a LNN | ||
| 999 | |a From the UDN01 | ||
| TYP | |a Monograph | ||
| 980 | |a Mạng thư viện Đại học Đà Nẵng | ||